[Event "Pojedinacno seniorsko prvenstvo Centraln"]
[Site "Valjevo"]
[Date "2010.11.09"]
[Round "3.1"]
[White "Maksimovic, Branimir"]
[Black "Damljanovic, Branko"]
[Result "1/2-1/2"]
[WhiteElo "2421"]
[BlackElo "2551"]
[PlyCount "82"]
[EventDate "2010.11.08"]

1. d4 Nf6 2. c4 g6 3. g3 Bg7 4. Bg2 d5 5. cxd5 Nxd5 6. Nf3 Nb6 7. Nc3 Nc6 8. e3
e5 9. d5 Ne7 10. e4 c6 11. a4 cxd5 12. a5 Nc4 13. exd5 O-O 14. O-O Nd6 15. Re1
Bg4 16. h3 Bxf3 17. Bxf3 Nef5 18. Bg2 Rc8 19. h4 Rc5 20. a6 b6 21. h5 Re8 22.
hxg6 hxg6 23. Qd3 b5 24. Rd1 Qe7 25. Ne4 Nxe4 26. Bxe4 Nd6 27. Be3 Rc4 28. Bg2
e4 29. Qd2 Rec8 30. Rac1 Rxc1 31. Rxc1 Nc4 32. Qe2 Rd8 33. b3 Nxe3 34. Qxe3
Rxd5 35. Qxe4 Qxe4 36. Bxe4 Rd2 37. Rc8+ Bf8 38. Kg2 b4 39. Bc6 Rd6 40. Bb5 Kg7
41. Bc4 Rd7 1/2-1/2

[Event "Pojedinacno seniorsko prvenstvo Centraln"]
[Site "Valjevo"]
[Date "2010.11.09"]
[Round "3.2"]
[White "Milanovic, Danilo"]
[Black "Kojovic, Dragan"]
[Result "1/2-1/2"]
[WhiteElo "2521"]
[BlackElo "2371"]
[PlyCount "34"]
[EventDate "2010.11.08"]

1. d4 Nf6 2. c4 e6 3. Nc3 Bb4 4. e3 O-O 5. Nge2 d5 6. a3 Bd6 7. c5 Be7 8. b4 c6
9. Nf4 b6 10. Bb2 a5 11. Bd3 Ba6 12. O-O Bxd3 13. Nxd3 Nbd7 14. Qc2 Qc7 15.
Rfc1 axb4 16. axb4 bxc5 17. bxc5 e5 1/2-1/2

[Event "Pojedinacno seniorsko prvenstvo Centraln"]
[Site "Valjevo"]
[Date "2010.11.09"]
[Round "3.3"]
[White "Tosic, Miroslav"]
[Black "Savic, Miodrag R"]
[Result "0-1"]
[WhiteElo "2413"]
[BlackElo "2515"]
[PlyCount "123"]
[EventDate "2010.11.08"]

1. d4 Nf6 2. Nc3 d5 3. Nf3 Bf5 4. Nh4 Bd7 5. g3 e6 6. Bg2 c5 7. e3 Bc6 8. Nf3
Nbd7 9. O-O Qc7 10. a3 b6 11. Re1 Rd8 12. Qe2 Be7 13. b3 O-O 14. Bb2 Rfe8 15.
Nb5 Qb7 16. Ne5 Nxe5 17. dxe5 Nd7 18. f4 a6 19. a4 Nb8 20. Nc3 f5 21. exf6 Bxf6
22. Nd1 e5 23. fxe5 Bxe5 24. Bxe5 Rxe5 25. Nf2 Rde8 26. Nd3 R5e7 27. Nf4 d4 28.
Qc4+ Kh8 29. e4 Nd7 30. Qf1 Ne5 31. Qe2 g6 32. c3 dxc3 33. Qc2 a5 34. Qxc3 Kg8
35. Nd5 Bxd5 36. exd5 Qd7 37. Rad1 Qd6 38. h3 Nf7 39. Rxe7 Rxe7 40. Kh2 h5 41.
Kh1 Nh6 42. Re1 Nf5 43. Rxe7 Qxe7 44. Kg1 Kf7 45. Bf1 Qf6 46. Qe1 Qd6 47. g4
hxg4 48. hxg4 Nd4 49. Qe3 g5 50. Bc4 Kf6 51. Qh3 Kg7 52. Qe3 Kf8 53. Kg2 Qe7
54. Qd3 Kg7 55. Qg3 Qe4+ 56. Kg1 Nf3+ 57. Kf2 Ne5 58. d6 Qd4+ 59. Ke2 Qxd6 60.
Qe3 Qe7 61. Kd2 Kf6 62. Qc3 0-1

[Event "Pojedinacno seniorsko prvenstvo Centraln"]
[Site "Valjevo"]
[Date "2010.11.09"]
[Round "3.4"]
[White "Abramovic, Bosko"]
[Black "Sorgic, Dragan"]
[Result "1-0"]
[WhiteElo "2461"]
[BlackElo "2308"]
[PlyCount "85"]
[EventDate "2010.11.08"]

1. d4 Nf6 2. c4 g6 3. Nc3 Bg7 4. g3 d6 5. Bg2 O-O 6. Nf3 c6 7. O-O Be6 8. b3 d5
9. Ng5 Bf5 10. Bb2 h6 11. Nf3 Ne4 12. e3 Nxc3 13. Bxc3 Be4 14. Qe2 Nd7 15. Rfd1
Qb6 16. Rac1 Rfd8 17. Bf1 Bxf3 18. Qxf3 Nf6 19. Qe2 a5 20. Be1 e6 21. f3 Bf8
22. g4 c5 23. Bf2 cxd4 24. exd4 a4 25. c5 Qa5 26. b4 Qa7 27. Bg3 Rdc8 28. Qd2
b6 29. Rc2 Qb7 30. Rdc1 Ne8 31. a3 Bg7 32. Bf2 b5 33. Qd3 Nc7 34. Bg3 Qc6 35.
Rd1 Rab8 36. h4 Re8 37. Re2 Qd7 38. Qd2 f6 39. g5 hxg5 40. hxg5 f5 41. Bd6 Rbc8
42. Qf4 Kf7 43. Rh2 1-0

[Event "Pojedinacno seniorsko prvenstvo Centraln"]
[Site "Valjevo"]
[Date "2010.11.09"]
[Round "3.5"]
[White "Kostic, Vladimir G"]
[Black "Nestorovic, Nikola"]
[Result "1/2-1/2"]
[WhiteElo "2440"]
[BlackElo "2452"]
[PlyCount "110"]
[EventDate "2010.11.08"]

1. d4 Nf6 2. Nf3 c5 3. c3 e6 4. e3 Nc6 5. Nbd2 d5 6. Bd3 Be7 7. O-O O-O 8. Qe2
Qb6 9. dxc5 Qxc5 10. e4 Qb6 11. e5 Nd7 12. Nb3 a5 13. Nbd4 Nc5 14. Bb1 Bd7 15.
Re1 f6 16. Be3 Nxe5 17. Qc2 Nxf3+ 18. Nxf3 g6 19. c4 dxc4 20. h4 Qb5 21. Nd4
Qa6 22. Bh6 Rf7 23. Re3 e5 24. h5 Nd3 25. Qe2 g5 26. Rxd3 cxd3 27. Bxd3 Qd6 28.
Nf5 Bxf5 29. Bxf5 Rd8 30. Qc4 Qd5 31. Qxd5 Rxd5 32. Rc1 Rd8 33. Be6 Bd6 34. g4
Re8 35. Bd5 Rd8 36. Be6 Re8 37. Bd5 Rd8 38. a4 b6 39. Rc6 Bf8 40. Bxf7+ Kxf7
41. Bxf8 Rxf8 42. Rxb6 Rd8 43. Rb7+ Ke6 44. Rxh7 Rd4 45. f3 e4 46. Kf2 exf3 47.
Kxf3 f5 48. gxf5+ Kxf5 49. Rf7+ Ke6 50. Rb7 Rxa4 51. h6 Rh4 52. Ra7 a4 53. h7
Kf5 54. Rxa4 Rh3+ 55. Kg2 Rxh7 1/2-1/2

[Event "Pojedinacno seniorsko prvenstvo Centraln"]
[Site "Valjevo"]
[Date "2010.11.09"]
[Round "3.6"]
[White "Cabrilo, Goran"]
[Black "Chelushkina, Irina"]
[Result "1-0"]
[WhiteElo "2450"]
[BlackElo "2320"]
[PlyCount "61"]
[EventDate "2010.11.08"]

1. e4 c5 2. Nf3 Nc6 3. d4 cxd4 4. Nxd4 e5 5. Nb5 d6 6. c4 Nf6 7. N1c3 a6 8. Na3
Be7 9. Be2 O-O 10. Be3 Be6 11. O-O Rc8 12. Qd2 Nb8 13. f3 Nbd7 14. Rac1 Ne8 15.
Nd5 Kh8 16. Nb1 f5 17. exf5 Bxd5 18. Qxd5 Nc7 19. Qd3 Bg5 20. Rcd1 b5 21. Bxg5
Qxg5 22. Qd2 Qxf5 23. Qxd6 Nf6 24. Nc3 Qf4 25. Qd2 Ne6 26. cxb5 Qd4+ 27. Kh1
Nh5 28. bxa6 Nhf4 29. Bb5 Qb4 30. a4 Nd4 31. Ne2 1-0

[Event "Pojedinacno seniorsko prvenstvo Centraln"]
[Site "Valjevo"]
[Date "2010.11.09"]
[Round "3.7"]
[White "Tosic, Srecko"]
[Black "Ilic, Dragan M"]
[Result "1/2-1/2"]
[WhiteElo "2318"]
[BlackElo "2376"]
[PlyCount "97"]
[EventDate "2010.11.08"]

1. e4 e6 2. d4 d5 3. exd5 exd5 4. Bf4 Nf6 5. Nf3 Bd6 6. Bxd6 Qxd6 7. Nbd2 O-O
8. Be2 Qb6 9. Rb1 Nc6 10. Nb3 a5 11. O-O Bf5 12. Nh4 Be4 13. Bf3 Rfe8 14. Bxe4
Rxe4 15. Nf5 a4 16. Nd2 Rf4 17. Ne3 Rxd4 18. c3 Rd3 19. Qc2 Ne5 20. Rbe1 Qa6
21. c4 Qd6 22. c5 Qa6 23. Nf5 Nc6 24. Qc1 Nd4 25. Ng3 Ne6 26. Nf3 Qc4 27. Qb1
Rxf3 28. gxf3 Qh4 29. Kh1 g6 30. Rg1 Nxc5 31. Qc2 Ne6 32. Qd3 c6 33. Qe3 Qf4
34. Qxf4 Nxf4 35. Re7 Rb8 36. Ree1 Kf8 37. Rd1 b5 38. Rd2 h5 39. Rc1 Rb6 40.
Ne2 Ne6 41. Nd4 Nxd4 42. Rxd4 Ng8 43. Kg2 Ne7 44. Rd2 Nf5 45. Rdc2 Nd4 46. Rd2
Ne6 47. Rdc2 Nd4 48. Rd2 Nf5 49. Rdc2 1/2-1/2

[Event "Pojedinacno seniorsko prvenstvo Centraln"]
[Site "Valjevo"]
[Date "2010.11.09"]
[Round "3.8"]
[White "Andrijevic, Milan"]
[Black "Stojkovic, Miroljub"]
[Result "1-0"]
[WhiteElo "2344"]
[BlackElo "2242"]
[PlyCount "75"]
[EventDate "2010.11.08"]

1. e4 d5 2. exd5 Nf6 3. c4 e6 4. d4 exd5 5. Nc3 Bb4 6. Nf3 O-O 7. a3 Bxc3+ 8.
bxc3 Ne4 9. Qb3 dxc4 10. Bxc4 Nd6 11. Be2 Qe8 12. Qa2 Ne4 13. Qb2 b6 14. O-O
Bb7 15. Re1 Qc8 16. c4 Nd6 17. Bf4 Qf5 18. Bg3 Qc8 19. Rac1 Nd7 20. c5 bxc5 21.
dxc5 Bxf3 22. Bxf3 Rb8 23. Qd2 Nf5 24. Bg4 Nf6 25. Bh3 g6 26. Re5 Nh5 27. Bxf5
gxf5 28. Qg5+ Ng7 29. Re7 Qa6 30. Bxc7 h6 31. Qg3 Qc4 32. Bf4 Rbd8 33. h3 Qxc1+
34. Bxc1 Rd1+ 35. Kh2 Rxc1 36. Qe3 Rc4 37. Rxa7 Rc8 38. Qe7 1-0

[Event "Pojedinacno seniorsko prvenstvo Centraln"]
[Site "Valjevo"]
[Date "2010.11.09"]
[Round "3.9"]
[White "Stankovic, Ivan G"]
[Black "Stojanovic, Dobrisav"]
[Result "1/2-1/2"]
[WhiteElo "2194"]
[BlackElo "2340"]
[PlyCount "113"]
[EventDate "2010.11.08"]

1. e4 e5 2. d4 exd4 3. Qxd4 Nc6 4. Qe3 Nf6 5. Nc3 Bb4 6. Bd2 O-O 7. O-O-O Re8
8. f3 d5 9. Qf2 dxe4 10. Bg5 Bd6 11. fxe4 h6 12. Bxf6 Qxf6 13. Qxf6 gxf6 14.
Nf3 a6 15. Bd3 Ne5 16. Rdf1 Ng6 17. Nd5 Kg7 18. Nd4 Be5 19. Nf5+ Bxf5 20. exf5
Ne7 21. Nxe7 Rxe7 22. Re1 Rd8 23. Re4 Rd5 24. h3 b5 25. a4 c6 26. b3 Rc7 27.
axb5 axb5 28. Kd2 Ra7 29. Ke2 Ra2 30. Kf3 Rc5 31. Rhe1 Rc3 32. R1e2 Ra1 33. Re1
Ra8 34. R1e2 Rd8 35. R4e3 Rc5 36. g4 Rcd5 37. Be4 R5d6 38. Rd3 Rxd3+ 39. Bxd3
Rd6 40. Re4 Rd7 41. Re2 Kf8 42. Be4 Rd6 43. Re3 Ke7 44. Rd3 c5 45. Rxd6 Kxd6
46. c4 b4 47. Bd5 Bc3 48. Ke4 Ke7 49. h4 h5 50. gxh5 Bd2 51. Kf3 Kf8 52. Bc6
Kg7 53. Be8 Be1 54. h6+ Kxh6 55. Bxf7 Bxh4 56. Kg4 Bf2 57. Be6 1/2-1/2

[Event "Pojedinacno seniorsko prvenstvo Centraln"]
[Site "Valjevo"]
[Date "2010.11.09"]
[Round "3.10"]
[White "Vujic, Mihailo"]
[Black "Milosevic, Rade"]
[Result "1-0"]
[WhiteElo "2330"]
[BlackElo "2122"]
[PlyCount "57"]
[EventDate "2010.11.08"]

1. e4 c6 2. d4 d5 3. f3 e6 4. Nc3 Bb4 5. Bf4 Nf6 6. Qd3 O-O 7. Nge2 b6 8. Qe3
a5 9. a3 Be7 10. g4 dxe4 11. fxe4 Nxg4 12. Qf3 f5 13. O-O-O Bb7 14. Rg1 Nf6 15.
Bh6 Rf7 16. Nf4 Qd7 17. exf5 exf5 18. Bc4 Bf8 19. Bxf7+ Kxf7 20. Bg5 Be7 21.
Nh5 g6 22. Nxf6 Bxf6 23. Bxf6 Kxf6 24. Qg3 Na6 25. Qh4+ Kg7 26. Rge1 Kf8 27.
Qf6+ Qf7 28. Qd6+ Kg8 29. Re7 1-0

[Event "Pojedinacno seniorsko prvenstvo Centraln"]
[Site "Valjevo"]
[Date "2010.11.09"]
[Round "3.11"]
[White "Radosavljevic, Slobodan D"]
[Black "Jokic, Miodrag"]
[Result "1-0"]
[WhiteElo "2248"]
[BlackElo "2087"]
[PlyCount "85"]
[EventDate "2010.11.08"]

1. c4 e5 2. g3 Nf6 3. Bg2 c6 4. d4 Bb4+ 5. Nc3 Qa5 6. dxe5 Qxe5 7. Bd2 O-O 8.
a3 Be7 9. Bf4 Qc5 10. Qd3 Qa5 11. Bd2 Qa6 12. Nf3 d5 13. cxd5 Qxd3 14. exd3
cxd5 15. O-O Nc6 16. Be3 Rd8 17. Nd4 a6 18. h3 h6 19. Na4 Nxd4 20. Bxd4 Bf5 21.
Nb6 Rab8 22. Rfd1 Be6 23. Rac1 Nd7 24. Nxd7 Rxd7 25. Rc3 Bd6 26. Rdc1 Rdd8 27.
Bb6 Re8 28. Bc7 Bxc7 29. Rxc7 Kf8 30. g4 g5 31. d4 Red8 32. Kh2 Rd6 33. b4 Bd7
34. R7c5 Bc6 35. Bf1 Re8 36. Bxa6 Re4 37. b5 Bd7 38. Bxb7 Rxd4 39. Bc6 Bc8 40.
b6 Rd2 41. R1c2 Rxc2 42. Rxc2 Ba6 43. b7 1-0

[Event "Pojedinacno seniorsko prvenstvo Centraln"]
[Site "Valjevo"]
[Date "2010.11.09"]
[Round "3.12"]
[White "Kolbert, Engelbert"]
[Black "Zivkovic, Vladislav"]
[Result "1-0"]
[WhiteElo "2141"]
[BlackElo "2220"]
[PlyCount "119"]
[EventDate "2010.11.08"]

1. e4 c6 2. d4 d5 3. Nc3 dxe4 4. Nxe4 Nf6 5. Ng3 e6 6. Nf3 c5 7. Be3 Ng4 8. Bd3
Be7 9. O-O Nxe3 10. fxe3 O-O 11. Ne5 g6 12. c3 Nd7 13. Ng4 Bg5 14. Qf3 h5 15.
Nf2 Bh6 16. Nfe4 cxd4 17. exd4 Qh4 18. Nd6 Qe7 19. Nxc8 Raxc8 20. Rae1 Nb6 21.
Qe4 Qg5 22. Qxb7 Rb8 23. Qf3 Nd5 24. Ne4 Qe7 25. b3 Bg7 26. Kh1 Rbc8 27. Ba6
Rc7 28. Bc4 Nb6 29. Bd3 Nd5 30. Bb1 Rfc8 31. c4 Nb4 32. a3 Na6 33. d5 exd5 34.
Nc3 Qg5 35. Nxd5 Rd7 36. Qe3 Qxe3 37. Rxe3 Kh8 38. g3 Nc5 39. Ne7 Rf8 40. b4
Na4 41. Bxg6 fxg6 42. Nxg6+ Kg8 43. Nxf8 Bxf8 44. Re8 Rf7 45. Rxf7 Kxf7 46. Ra8
Nc3 47. c5 Be7 48. Rxa7 Ke6 49. Kg2 Nb5 50. Ra6+ Kd5 51. a4 Nd4 52. Rh6 h4 53.
gxh4 Kc4 54. c6 Bd8 55. b5 Kc5 56. Rh7 Ne6 57. Rd7 Ba5 58. h5 Nf4+ 59. Kf3 Nxh5
60. c7 1-0

[Event "Pojedinacno seniorsko prvenstvo Centraln"]
[Site "Valjevo"]
[Date "2010.11.09"]
[Round "3.13"]
[White "Colovic, Zoran"]
[Black "Gagic, Miroljub"]
[Result "0-1"]
[WhiteElo "2215"]
[BlackElo "1878"]
[PlyCount "170"]
[EventDate "2010.11.08"]

1. e4 c5 2. Nf3 d6 3. d4 cxd4 4. Nxd4 Nf6 5. Nc3 Nc6 6. Bc4 a6 7. O-O e6 8. Bg5
Qc7 9. Nxc6 bxc6 10. Bd3 d5 11. Bxf6 gxf6 12. Qf3 Bd6 13. g3 Qe7 14. Rfe1 Bb7
15. exd5 cxd5 16. Rad1 h5 17. Bf5 Be5 18. Bd3 h4 19. Ne2 hxg3 20. hxg3 O-O-O
21. c3 Rdg8 22. Nd4 Qf8 23. Kg2 Qg7 24. Rh1 Bc7 25. Rxh8 Rxh8 26. a4 Kb8 27.
Qe2 e5 28. Nf5 Qh7 29. Nh4 Qh5 30. Qxh5 Rxh5 31. Be2 Rh8 32. Nf5 d4+ 33. Bf3 e4
34. Bg4 e3+ 35. Bf3 e2 36. Re1 d3 37. Ne3 Rd8 38. Bxb7 Kxb7 39. Kf3 Bb6 40. Nc4
d2 41. Nxd2 Rxd2 42. Rxe2 Rxe2 43. Kxe2 Kc6 44. f3 Bc7 45. g4 Kd5 46. Kd3 Ke5
47. b4 Kf4 48. c4 Kxf3 49. c5 Kxg4 50. b5 axb5 51. axb5 f5 52. b6 Bd8 53. Kc4
f4 54. Kb5 f3 55. Kc6 Bxb6 56. cxb6 f2 57. b7 f1=Q 58. b8=Q Qc4+ 59. Kd7 Qd5+
60. Ke7 Qe6+ 61. Kf8 f5 62. Kg7 f4 63. Qb5 Qe7+ 64. Kg6 Qe6+ 65. Kg7 f3 66. Qf1
Qe5+ 67. Kf7 Qe2 68. Qg1+ Kh3 69. Qh1+ Kg3 70. Qg1+ Qg2 71. Qe3 Kh2 72. Qh6+
Kg1 73. Qc1+ Qf1 74. Qg5+ Qg2 75. Qc1+ Kh2 76. Qh6+ Qh3 77. Qd2+ Kg3 78. Qd6+
Kg2 79. Qd5 Qg3 80. Qc6 Qf4+ 81. Kg6 Kh2 82. Kh5 f2 83. Qc2 Qf3+ 84. Kg5 Qg3+
85. Kh5 Qg2 0-1

[Event "Pojedinacno seniorsko prvenstvo Centraln"]
[Site "Valjevo"]
[Date "2010.11.09"]
[Round "3.14"]
[White "Novakovic, Slobodan"]
[Black "Svicevic, Mirko"]
[Result "1-0"]
[WhiteElo "2203"]
[BlackElo "1776"]
[PlyCount "65"]
[EventDate "2010.11.08"]

1. c4 e5 2. Nc3 Nc6 3. Nf3 Nf6 4. d4 exd4 5. Nxd4 Be7 6. e4 d6 7. Be2 O-O 8.
O-O Re8 9. Be3 Bd7 10. Nc2 h6 11. f3 b6 12. Qd2 Ne5 13. Rac1 Bc6 14. Nb4 Bb7
15. Ncd5 Bf8 16. Rfd1 c5 17. Nxf6+ Qxf6 18. Nd5 Bxd5 19. Qxd5 Qe6 20. f4 Qxd5
21. Rxd5 Nc6 22. Bf3 Nb4 23. Rd2 Nxa2 24. Ra1 Nb4 25. e5 Rad8 26. Rxa7 dxe5 27.
Rxd8 Rxd8 28. fxe5 Nd3 29. Bd5 Nxe5 30. Rb7 g5 31. Rxb6 Kg7 32. Rb5 Ra8 33.
Bxa8 1-0

[Event "Pojedinacno seniorsko prvenstvo Centraln"]
[Site "Valjevo"]
[Date "2010.11.09"]
[Round "3.16"]
[White "Zivanovic, Bojan"]
[Black "Markovic, Dragan P"]
[Result "0-1"]
[WhiteElo "1941"]
[BlackElo "2209"]
[PlyCount "186"]
[EventDate "2010.11.08"]

1. e4 c6 2. d4 d5 3. exd5 cxd5 4. Bd3 Nc6 5. c3 Nf6 6. Bf4 Bg4 7. Nf3 e6 8. h3
Bh5 9. Nbd2 Bd6 10. Bxd6 Qxd6 11. O-O O-O 12. Re1 Qc7 13. Nf1 Rab8 14. Ng3 Bg6
15. Bxg6 hxg6 16. Qd3 Qf4 17. Ne2 Qf5 18. Qxf5 gxf5 19. Nd2 Na5 20. f3 g6 21.
Nf4 Rbc8 22. Nd3 Nd7 23. Re2 Rc7 24. Nb3 Nc4 25. Rae1 Rfc8 26. Ndc5 Nf8 27. Nd3
b6 28. Ne5 Nxe5 29. Rxe5 Nd7 30. R5e2 Nf6 31. Nc1 Ne8 32. Nd3 Nd6 33. Ne5 Nc4
34. Nd3 Kg7 35. Kf2 Rh8 36. Ne5 Nd6 37. Rc1 Kf6 38. Rce1 Nc4 39. Rh1 Nd6 40.
Rhe1 Kg7 41. Ra1 Re8 42. Rae1 g5 43. a3 f4 44. Rd2 Nf5 45. Rde2 Rb8 46. Rb1
Rbc8 47. Rbe1 Re7 48. Ng4 Rce8 49. Ne5 Rc7 50. Ng4 Rd8 51. Ne5 Rd6 52. Ng4 Rc8
53. Ne5 f6 54. Nd3 Kf7 55. Rd2 a5 56. Rde2 Ng3 57. Rd2 Nf5 58. Rde2 Rdc6 59.
Rd2 Rh8 60. Rde2 Ng3 61. Rd2 Rc7 62. Nc1 Re7 63. Nd3 Nf5 64. Rde2 Rhe8 65. a4
Rc8 66. Rd2 Rc4 67. Ra1 Kg6 68. Re2 Ng3 69. Rc2 Rec7 70. Rd2 Kf5 71. Nc1 Kg6
72. Nd3 Rh7 73. Nc1 Re7 74. Ne2 Nf5 75. Nc1 Rec7 76. Nd3 R7c6 77. Re2 Ng3 78.
Rd2 Nf5 79. Re2 Kf7 80. Ra2 Ke7 81. Ra1 Kd7 82. Ree1 Kd6 83. Re2 Ng3 84. Ree1
Nf5 85. Re2 Rc7 86. Rd2 e5 87. dxe5+ fxe5 88. Nc1 Ke6 89. Nd3 e4 90. Re2 e3+
91. Kg1 d4 92. cxd4 Nxd4 93. Ree1 Nc2 0-1

[Event "Pojedinacno seniorsko prvenstvo Centraln"]
[Site "Valjevo"]
[Date "2010.11.09"]
[Round "3.17"]
[White "Grujicic, Zoran"]
[Black "Mesterovic, Ljubisa"]
[Result "0-1"]
[WhiteElo "2053"]
[BlackElo "1798"]
[PlyCount "272"]
[EventDate "2010.11.08"]

1. Nf3 d5 2. d4 g6 3. g3 Nf6 4. Bg2 Bg7 5. O-O O-O 6. h3 Nbd7 7. Bf4 c6 8. g4
Re8 9. c3 Ne4 10. Nbd2 Nxd2 11. Qxd2 e6 12. Bg3 b6 13. Ne5 Bb7 14. Nxd7 Qxd7
15. f4 f5 16. e3 Rac8 17. g5 c5 18. h4 Ba6 19. Rfd1 Rc7 20. Bf2 Bf8 21. Bf3 Bd6
22. Kg2 Kf7 23. h5 Ke7 24. Rh1 Kd8 25. hxg6 hxg6 26. Rh6 Rg8 27. Rah1 Kc8 28.
Be2 Bxe2 29. Qxe2 Kb7 30. Kf3 Qa4 31. a3 Re7 32. Bg3 Rgg7 33. Rh8 Qd7 34. R1h6
Qa4 35. Rh1 Qd7 36. R8h6 Qa4 37. R1h2 Bc7 38. R2h3 Bd6 39. Rh8 Bc7 40. Qd3 Qd7
41. R3h6 Qa4 42. Rh2 Qd7 43. R8h6 Qa4 44. Qf1 Qd7 45. Qd1 Qb5 46. a4 Qc6 47. b4
c4 48. Ra2 Qd7 49. a5 b5 50. Rah2 a6 51. Qh1 Bd6 52. Be1 Bc7 53. Rh8 Bd6 54.
R2h6 Bc7 55. Rf8 Ref7 56. Rfh8 Re7 57. Bd2 Ref7 58. Ke2 Re7 59. Rf8 Ref7 60.
Rfh8 Re7 61. Kf3 Ref7 62. Kg3 Re7 63. Rf8 Ref7 64. Rfh8 Re7 65. Qh4 Bd6 66. Kf3
Ref7 67. Qg3 Bc7 68. Qh2 Bd6 69. Rh3 Bc7 70. R8h6 Bd6 71. Rh8 Bc7 72. R8h6 Bd6
73. Qg3 Bc7 74. Qh2 Bd6 75. Rh8 Qe7 76. Qh1 Qd7 77. Ke2 Bc7 78. Kd1 Qe7 79.
R8h6 Qd7 80. Bc1 Bd6 81. Kc2 Bc7 82. Kb2 Bd6 83. Kc2 Bc7 84. Qe1 Bd6 85. Rh8
Bc7 86. Qh1 Bd6 87. R8h6 Bc7 88. R3h4 Bd6 89. Qf3 Bc7 90. Rh1 Bd6 91. Rd1 Bc7
92. Rh4 Bd6 93. Rh2 Bc7 94. Rdh1 Bd6 95. Qh3 Re7 96. Qh8 Ref7 97. Qh4 Bc7 98.
Qe1 Bd6 99. Qd1 Bc7 100. Rd2 Bd6 101. Rh4 Bc7 102. Rf2 Bd6 103. Rh6 Bc7 104.
Rd2 Bd6 105. Qf1 Bc7 106. Rd1 Bd6 107. Qh3 Bc7 108. Rf1 Bd6 109. Rh1 Bc7 110.
Rf1 Bd6 111. Bd2 Bc7 112. Rh1 Bd6 113. Rh2 Bc7 114. e4 fxe4 115. Rh8 Rf5 116.
Be3 Bd6 117. Qh4 Rff7 118. Rf2 Qc7 119. Qg4 Rf5 120. Qh4 Rff7 121. Qg4 Rf5 122.
Qh4 Rff7 123. Rh6 Rh7 124. Rxh7 Rxh7 125. Qg4 Qf7 126. f5 exf5 127. Qg2 Rh4
128. Qf1 Qh7 129. Bf4 Bxf4 130. Rxf4 Rh2+ 131. Rf2 Qh4 132. Re2 f4 133. Kb2 f3
134. Rxh2 Qxh2+ 135. Kb1 Kc6 136. Qc1 f2 0-1

[Event "Pojedinacno seniorsko prvenstvo Centraln"]
[Site "Valjevo"]
[Date "2010.11.09"]
[Round "3.18"]
[White "Jovanovic, Aleksandar"]
[Black "Kostic, Dusan"]
[Result "0-1"]
[WhiteElo "2211"]
[BlackElo "2027"]
[PlyCount "70"]
[EventDate "2010.11.08"]

1. d4 Nf6 2. c4 e6 3. Nc3 d5 4. Bg5 Be7 5. e3 c6 6. Nf3 Nbd7 7. Bd3 a6 8. O-O
dxc4 9. Bxc4 b5 10. Bd3 Bb7 11. Qe2 h6 12. Bh4 Rc8 13. Rad1 Qc7 14. e4 g5 15.
Bg3 Qb6 16. Ne5 h5 17. f4 gxf4 18. Bf2 c5 19. Nxd7 Nxd7 20. d5 e5 21. Kh1 h4
22. Qd2 Qg6 23. Be2 Nf6 24. d6 Rd8 25. Nxb5 O-O 26. dxe7 Rxd2 27. exf8=Q+ Kxf8
28. Rxd2 h3 29. Bf3 hxg2+ 30. Bxg2 Nxe4 31. Rd8+ Ke7 32. Bh4+ f6 33. Rb8 Bd5
34. Nc7 Bc6 35. Rb6 Nf2+ 0-1

[Event "Pojedinacno seniorsko prvenstvo Centraln"]
[Site "Valjevo"]
[Date "2010.11.09"]
[Round "3.19"]
[White "Manojlovic, Selimir"]
[Black "Lakicevic, Budimir"]
[Result "0-1"]
[WhiteElo "2114"]
[BlackElo "2027"]
[PlyCount "110"]
[EventDate "2010.11.08"]

1. d4 Nf6 2. Bg5 d5 3. e3 Nbd7 4. Nf3 h6 5. Bh4 e6 6. Ne5 Be7 7. Nd2 Nxe5 8.
dxe5 Nd7 9. Bg3 c6 10. c3 Qc7 11. Nf3 Nc5 12. h4 b6 13. Nd4 Bb7 14. Qg4 g6 15.
Be2 h5 16. Qh3 O-O-O 17. O-O Ne4 18. Bh2 g5 19. Nxe6 fxe6 20. Qxe6+ Qd7 21.
Qxd7+ Kxd7 22. f3 Nc5 23. hxg5 Bxg5 24. f4 Bh4 25. Rf3 Ba6 26. Bxa6 Nxa6 27. f5
Nc5 28. Rd1 Ke7 29. Bf4 Ne4 30. g3 Rhg8 31. Kh2 Bg5 32. Kh3 Rdf8 33. f6+ Ke6
34. Rh1 Rh8 35. Kg2 Rfg8 36. Kh3 a5 37. Rc1 b5 38. b3 c5 39. Rc2 c4 40. bxc4
bxc4 41. a4 Rb8 42. Rf1 Rhg8 43. Rg1 Rb3 44. Rf1 Rb7 45. Rg1 Nc5 46. g4 hxg4+
47. Rxg4 Rh8+ 48. Kg2 Bxf4 49. exf4 Rbh7 50. Kf3 Ne4 51. Rgg2 Rh3+ 52. Ke2
Nxc3+ 53. Kd2 d4 54. Kc1 Rh1+ 55. Kb2 Rb8+ 0-1

[Event "Pojedinacno seniorsko prvenstvo Centraln"]
[Site "Valjevo"]
[Date "2010.11.09"]
[Round "3.20"]
[White "Radovanovic, Zoran Z"]
[Black "Kosic, Ljubisa"]
[Result "0-1"]
[WhiteElo "2096"]
[BlackElo "1946"]
[PlyCount "42"]
[EventDate "2010.11.08"]

1. d4 Nf6 2. c4 e6 3. Nc3 Bb4 4. Qc2 O-O 5. e4 d5 6. cxd5 exd5 7. e5 Re8 8. Bg5
h6 9. Bh4 g5 10. Bg3 c5 11. O-O-O Bxc3 12. bxc3 Nfd7 13. f4 cxd4 14. cxd4 Nc6
15. fxg5 Qxg5+ 16. Kb2 Nb6 17. Qf2 Qe7 18. Qd2 Bf5 19. Nf3 Rec8 20. Be1 Nxe5
21. Qxh6 Rc2+ 0-1